000 00656nam a22002057a 4500
003 LK-CoDNM
005 20241014141949.0
008 241014b |||||||| |||| 00| 0 eng d
040 _aLK-CoDNM
_dLK-CoDNM
_eLK-CoDNM
041 _asin
080 _aප්‍ර.ඥ
_b2
245 _aඥානොදය
_b1 කාණ්ඩය - 2 කලාපය
260 _aමාදම්පේ
_bවිජය මුද්‍රණාලය
300 _b15p. ; 24 cm
650 _aඥානොදය
650 _a1 කාණ්ඩය - 2 කලාපය
650 _aවිජය මුද්‍රණාලය
650 _aප්‍ර.ඥ 2
942 _cBK
999 _c219317
_d219317